000 00880nam a2200229Ia 4500
001 16633
003 GE_BSU
008 181216s||||||||xx |||||||||||||| ||und||
040 _cGE_BSU
080 _a821.353.1-92 + 821.353.1.09
100 _aკალანდაძე, ლავროსი
245 _aგზადაგზა.[ლიტ.-კრიტ. წერილები]
245 _cრედ.დ.კემულარია. მხ.ჯ.ყავლაშვილი
260 _aთბილისი
260 _bსაბჭ. საქართველო
260 _c1987
300 _a215გვ. ; 20სმ
653 _aგზადაგზა
653 _aლიტ.-კრიტ. წერილები
653 _aქართული ლიტერატურის ისტორია და კრიტიკა
942 _cBK
999 _c49699
_d49699